| 000 | 00375 a2200169 4500 | ||
|---|---|---|---|
| 001 | 45114 | ||
| 020 | _a9788574120256 | ||
| 040 | _cAnchieta - Aquarius | ||
| 100 | _aGorbachev, Valeri | ||
| 240 | 1 | 0 |
_aTico e os lobos maus _lpor |
| 245 | 1 | 0 | _aTico e os lobos maus |
| 300 | _a | ||
| 362 | 0 | _a2007 | |
| 440 | 1 | _aBrinque-book | |
| 650 | 4 | _aLiteratura infantil | |
| 942 | _cBK | ||
| 999 |
_c45114 _d45114 |
||